000 00670na a2200229 4500
001 15931
003 MIRAKIL
005 20181213155154.0
008 161108b tu 000 0
035 _a15931
040 _aMilas
_btur
_cTR-AnCHP
082 _aCHP 327
_bE13d 1976
090 _aCHP 327 E13d 1976
100 _aEcevit, Bülent
_d1925-2006
245 _aDış politika
_cBülent Ecevit
260 _aAnkara
_b[yay.y.]
_c[1976?]
_fAjans-Türk Matbaacılık
300 _a192 s.
_c17 sm.
500 _aKitabın iç kapağı ve ilk altı sayfası eksiktir.
610 _aCHP
_xDış siyaset
651 _aTürkiye
_xSiyaset ve yönetim
942 _2ddc
_cBKS
999 _c7938
_d7938